000
00284nam a2200121Ia 4500
008
191201s2019 xx 000 0 und d
100
_a
HARVERD BUSINESS PRESS
245
0
_a
Managing Creativity and Innovation
260
_a
N. Delhi
_b
HBR
300
_a
174
650
_a
BBA
942
_2
ddc
_c
BK
999
_c
1
_d
1